00708nam a2200217 a 450000100080000000500110000800800410001910000180006024500810007826001170015950000450027665000140032165000150033565300170035070000230036770000170039070000230040770000190043070000190044970000220046815761322010-10-18 2009 bl uuuu u00u1 u #d1 aLUDTKE, C. B. aBem-estar animal no transporte e a influência na qualidade da carne suína. aIn: CONGRESSO BRASILEIRO DE CIÊNCIA E TECNOLOGIA DE CARNES, 5., 2009, Garoa, SP. Anais... Garoa: ITAL/CTCc2009 aProjeto/Plano de Ação: 02.06.10.100-03 aQualidade aTransporte aCarne suína1 aDALLA COSTA, O. A.1 aROÇA, R. O.1 aSILVEIRA, E. T. F.1 aATHAYDE, N. B.1 aARAÚJO, A. P.1 aMELLO JÚNIOR, A.